000 00440nam a2200181Ia 4500
001 24269
005 20260414151032.0
008 260414t2013||||xx |||||||||||||| ||spa||
041 _aESP
082 _a345.2
_bG312
100 _aGaceta Jurídica
_eAUT
245 0 _aLas medidas cautelares en el proceso penal
_b
260 _c2013
300 _a510 páginas :
_c25 cm.
650 _aDER
654 _aCDE
942 _cLIB
_dJUS
_fJUS
_2ddc
_n
999 _c24269
_d24269